000 00494nam a22001697a 4500
999 _c20663
_d20663
003 AR-CdUCM
008 190423b ||||| |||| 00| 0 spa d
040 _aMUNICIPALIDAD PROVINCIAL DEL CUSCO
_cBIBLIOTECA MUNICIPAL DEL CUSCO
082 _aPI / 376.1 /
_bE45
100 _aEllen Anderson, Laura
_943200
245 _a¡No quiero el cabello risado! /
260 _aMéxico :
_bObelisco,
_c2017.
300 _c30cm.
_bIlustrado
650 _acuento
_94671
942 _2ddc
_cLIBROS
945 _arcc